Maine Cities by Picture - Statistics

General Stats
  • This quiz has been taken 17 times
  • The average score is 8 of 16
Answer Stats
Picture Answer % Correct
Augusta
100%
Portland
100%
Bangor
88%
Lewiston
75%
Bar Harbor
63%
Presque Isle
56%
Freeport
50%
Orono
50%
Camden
44%
Bucksport
31%
Millinocket
31%
Ogunquit
31%
Belfast
25%
Boothbay Harbor
19%
Fryeburg
19%
Fort Fairfield
0%
No matching quizzes found
Score Distribution
Percent of People with Each Score
Percentile by Number Answered
Your Score History
You have not taken this quiz